000 00558nam a22001817a 4500
005 20251108173707.0
008 250721s2005 xx 000 0 ara d
082 1 4 _a211.61/سلط
100 1 _aسلطاني، محمد علي
245 1 0 _aالأدوات النحوية و معانيها في القرآن الكريم : عرض و تحليل /
264 1 _aدمشق :
_bدار العصماء،
_c2005.
300 _a271ص.
650 1 7 _aالقرآن
650 1 7 _aالنحو
650 1 7 _aنحو القرآن
942 _2ddc
_cBK
999 _c110125
_d110125